May - the Month of Culture
Guardado en:
| Autor principal: | |
|---|---|
| Formato: | Capítulo de libro |
| Lenguaje: | inglés |
| Materias: | |
| Etiquetas: |
Sin Etiquetas, Sea el primero en etiquetar este registro!
|
MARC
| LEADER | 00000naa a2200000 4500 | ||
|---|---|---|---|
| 001 | 0259908 | ||
| 005 | 20240502083741.3 | ||
| 041 | 0 | |a eng | |
| 044 | |a HU | ||
| 245 | 1 | 0 | |a May - the Month of Culture |c Kristína Baculáková |
| 610 | 2 | 0 | |a kultúra |
| 610 | 2 | 0 | |a kreativita |
| 610 | 2 | 0 | |a priemysel kreatívny |
| 610 | 2 | 0 | |a rozvoj regionálny |
| 610 | 2 | 0 | |a Slovensko |
| 100 | 1 | |a Baculáková, Kristína, 1988- | |